Llei 18/2005, de 27 de desembre, d'equipaments comercials / edició a cura de la lletrada Anna Casas Gregorio
Descripción Física:
45 p. ; 21 cm
Colección:
Textos legislatius ; 52
Otros Autores:
Casas Gregorio, Anna, ed
MARC
| LEADER | 00000nam a2200000Ia 4500 | ||
|---|---|---|---|
| 001 | 18281 | ||
| 008 | 160829s2006 xx 000 0 cat d | ||
| 080 | |a FU-50-8 | ||
| 100 | |a Catalunya. Llei d'equipaments comercials (2005) |9 37844 | ||
| 245 | |a Llei 18/2005, de 27 de desembre, d'equipaments comercials / edició a cura de la lletrada Anna Casas Gregorio | ||
| 250 | |a Ed. no venal | ||
| 260 | |a Barcelona : |b Parlament de Catalunya, |c 2006 | ||
| 300 | |a 45 p. ; |c 21 cm | ||
| 490 | |a Textos legislatius ; 52 | ||
| 650 | |a Establiments comercials |x Dret i legislació |x Catalunya |9 37845 | ||
| 700 | |a Casas Gregorio, Anna, ed. |9 37846 | ||
| 710 | 1 | |a Catalunya. |b Parlament |9 11492 | |
| 901 | |a Arxiu | ||
| 942 | |n 1 | ||
| 952 | |0 0 |1 0 |4 0 |6 FU508 |7 1 |9 48114 |a Arxiu |b Arxiu |d 2016-12-01 |l 0 |o FU-50-8 |p 18281 |r 2016-12-01 00:00:00 |w 2016-12-01 |y ARXIU | ||
| 999 | |c 51917 |d 51917 | ||